000 00281nam a22001337a 4500
008 170728b xxu||||| |||| 00| 0 eng d
020 _a10374481
041 _aeng
080 _a004
100 _a31
101 _aSHK
245 _aPOWERPOINT 2002
_cO'LEARY,T.J
942 _2udc
_cBK
999 _c22114
_d22114